000 00748cam a2200145 4500500
005 20260208005826.0
041 _afre
042 _adc
100 1 0 _aBedouelle, Guy
_eauthor
245 0 0 _aLOUIS LE GUILLOU, Le « Baron » d’Eckstein et ses contemporains (Lamennais, Lacordaire, Montalembert, Foisset, Michelet, Renan, Hugo, etc.). Correspondances, avec un choix de ses articles. Bibliothèque des Correspondances 2, Paris, Honoré Champion, 2003. Un vol. de 594 p.
260 _c2005.
500 _a6
786 0 _nRevue d'histoire littéraire de la France | 105 | 3 | 2005-06-01 | p. 655ze-764ze | 0035-2411
856 4 1 _uhttps://shs.cairn.info/revue-d-histoire-litteraire-de-la-france-2005-3-page-655ze?lang=fr&redirect-ssocas=7080
999 _c1653964
_d1653964